| 000 | 01817nam a22003977a 4500 | ||
|---|---|---|---|
| 003 | DO-SdBNP | ||
| 005 | 20260428073714.0 | ||
| 007 | ta | ||
| 008 | 210315e2020 dr a|||| |||| 00| 0 spa d | ||
| 020 | _a9789945220742 | ||
| 040 |
_aDO-SdBNP _bspa _cBNPHU _erda |
||
| 082 | 4 |
_aRD863.5 _bC744g 2020 _222 |
|
| 111 | 2 |
_aConcurso de Cuentos Radio Santa Maria _n(27 : _d2020 : _cSanto Domingo ) _978478 |
|
| 245 | 1 |
_aGanadores 2020 del 27º concurso de cuentos Radio Santa María / _cLuis Beiro Álvarez, editor; Kari López, ilustrador. |
|
| 264 |
_aSanto Domingo : _bRadio Santa María , _c2020 |
||
| 300 |
_a79 páginas : _bilustraciones ; _c21 cm. |
||
| 336 |
_2rdacontent _atexto _btxt |
||
| 337 |
_2rdamedia _asin mediación _bn |
||
| 338 |
_2rdacarrier _avolumen _bnc |
||
| 586 | _aPrimer premio : Melba (Río de las auyamas) / Valentín Amaro. | ||
| 586 | _aSegundo premio : El ápice de una sonrisa (Alighieri) / Ismael Lobni. | ||
| 586 | _aTecer premio : Candela (Tres punatitos) / Víctor Arcturus Estrella. | ||
| 586 | _aCuarto Premio : Trabajo secreto (james Bond) / Yaína Melissa Rodríguez. | ||
| 586 | _aPrimera mención : La visión final (Amanecer) / Ariel Ortíz Pérez. | ||
| 586 | _aSegunda mención : Avisa cuando llegues (Camus) / Miguel Vargas Núñez. | ||
| 586 | _aTercera mención : La princesa Flor Amanda (Paz) / Ruth Samari Olivares Núñez. | ||
| 586 | _aCuarta mención : El mismo aire (5:15) / Ramón gil. | ||
| 590 | _aInventariado 2024 | ||
| 650 | 0 |
_aCuentos dominicanos _vCongresos, conferencias, etc. _9176 |
|
| 650 | 0 |
_aPremios literarios _91542 |
|
| 650 | 4 |
_aCertámenes literarios _91541 |
|
| 700 | 1 |
_aBeiro Álvarez, Luis, _d1950- _eeditor _910201 |
|
| 700 | 1 |
_aLópez , Kari, _eilustrador. _978138 |
|
| 910 | _aValidado. Control de calidad MFF | ||
| 942 |
_2ddc _cLBS1 |
||
| 999 |
_c49570 _d49570 |
||